ZELENKA, Pavol náboženský spisovateľ, cirkevný hodnostár (19. 8. 1839 České Brezovo, okr. Lučcnec - 4. 12. 1910 Miskolc, Maďarsko)

Bibliographic Details
Format: Article
Language:Slovak
ISBN:807090111X viaz
Subjects:

MARC

LEADER 00000naa a2200000uu 4500
001 vtls010926503
003 SK-MaSNL
005 20260302130527.0
008 220808|1994 xo |||||||||||||||||slo|
015 |a SNBRA 
035 |a (urnnbn)urn:nbn:sk:snk:ar-a0d448 
035 |a (uuid)16e66906-eb10-4970-8e17-160bd4921577 
035 |a urn:nbn:sk:snk-aatstn 
040 |a SNKBUCL  |b slo  |c SNKBUCL  |e AACR2 
041 0 |a slo 
044 |a xo  |c SK 
245 0 0 |a ZELENKA, Pavol  |b náboženský spisovateľ, cirkevný hodnostár (19. 8. 1839 České Brezovo, okr. Lučcnec - 4. 12. 1910 Miskolc, Maďarsko) 
655 7 |a biografické heslá  |2 SNKPH  |9 368942 
773 0 |t Slovenský biografický slovník : (od roku 833 do roku 1990). VI. zväzok, T-Ž  |d Martin : Matica slovenská, 1994  |g S. 429  |z 807090111X viaz 
954 |a odborná, vedecká literatúra pôvodná (slovenská)  |2 lita 
958 |a BX 
958 |a OND 
958 |a chapter 
958 |a article25 
999 |c 1301158  |d 1303088